| 000 | 005450000a22001810004500 | ||
|---|---|---|---|
| 003 | MACL | ||
| 005 | 20160127124903.0 | ||
| 008 | 160127b xxu||||| |||| 00| 0 eng d | ||
| 040 |
_aMACL _cMACL |
||
| 041 | _aHindi | ||
| 082 | _a510/KHA | ||
| 100 |
_aप्रो एम एल खन्ना _934668 |
||
| 245 | _aआई आई टी गणित | ||
| 260 |
_bजयप्रकाश नाथ पब्लिकेशन्स _c1996 _aमेरठ |
||
| 350 | _a425 | ||
| 650 |
_aMathematics _95682 |
||
| 942 |
_cHIN _k510 /KHA _2ddc |
||
| 999 |
_c30676 _d30676 |
||